00827nam a2200205 i 450000100060000000300090000600500170001500700030003200800410003510000320007624501310010826000600023930000220029949000390032170000480036083000440040885200310045299900170048395201210050026767ES-MaACL20250809044622.0t|030110s1968 sp ||||1| spa d1 aArregui Gil, José.92325513aLa fidelidad vidual en el Derecho Privado de Navarra / cJosé Arregui Gil ; Prólogo de Francisco de Asis Sancho Rebullida. aPamplona : bInstitución Príncipe de Viana, c1968. a280 p. ; c22 cm.1 aBiblioteca de Derecho Foral ; v131 aAsis Sancho Rebullida, Francisco de.92362400aBiblioteca de derecho foralv139181069 aES-MaACLjF-6249 bR.66369 c26767d26767 00104070aATENEOMbATENEOMcDEPO2d2008-01-17eSCl0oF-6249p1027624r2023-02-23 00:00:00w2023-02-23yMONOGRAFIA